000 00543nam a2200229Ia 4500
003 OSt
005 20221005120821.0
006 a|||||r|||| 00| 0
007 ta
008 221004b |||||||| |||| 00| 0 eng d
024 _a63099
037 _cTextual
040 _aCRL
_cCRL
_beng
041 _2eng
_aeng
082 _aS55, J3
100 _aBonaparte Marie
_9629684
245 0 _aFemale sexuality
260 _c1953
650 _aPSYCHOLOGY
942 _hS55, J3
_cTEXL
_2cc
999 _c1039218
_d1039218